| 000 | 00467nam a22001697a 4500 | ||
|---|---|---|---|
| 999 |
_c22687 _d22687 |
||
| 003 | BDDh-ASL | ||
| 005 | 20231015030143.0 | ||
| 008 | 210303n pk ||||| |||| 00| 0 eng d | ||
| 040 | _cBDDh-ASL | ||
| 082 |
_a370 _bHUF |
||
| 100 | 1 |
_93296 _aHussain, A. F. A. |
|
| 245 | 1 | 0 | _aFinancing of Education in Pakistan / |
| 260 |
_aLahore: _bPakistan Administrative Staff College Quarterly, |
||
| 300 |
_a20 p.: _c25 cm. |
||
| 650 | 0 |
_91210 _aEducation |
|
| 942 |
_2ddc _cBK |
||